00960nam a2200241 a 450000100100000000500170001000800410002702000150006804000250008304100130010810000300012124501830015124600410033426000330037530000360040850400260044459000260047070000280049670000330052470000390055795201050059699900170070100004302520201002040600.0140217s2006 xxcac 000 0 spa d a8487282369 aDO-SdBNPbspacBNPHU17aspaheng1 aCid Acedo, Aurelio97054710aThe alhambra in focus :ba complete new guide to the Alhambra and Generalife /cAurelio Cid Acedo; traducción, Jon Trout; fotografías, Miguel Román, J. Agustín Núñez. aThe Alhambra and generalife in focus a[Granada], :bEdilux,c2006. a189 p. :bil., retrs. ;c24 cm. aBibliografía p: 189 aInventariado, 2019/VM1 aTrout, Jonetrad9705481 aRomán, Miguelefot.9705491 aNuñez, J. Agustínefot.970550 001050718MOaGRbGRcHDd2014-02-17iLF1l0o p43025-10r2020-06-25w2020-06-25y1ZNo se presta c42514d42514